Southville International School and Colleges
Your cart is empty.
  • Cart
  • Lists
    Public lists Eva Luna New books Lux_list list_1
    Your lists Log in to create your own lists
  • Log in to your account
  • Your cookies
  • Search history
Southville International School and Colleges
  • Advanced search
  • Recent comments
  • Most popular
  • Libraries

Log in to your account

Log in with GOOGLE


If you do not have an external account, but do have a local account, you can still log in:

  1. Home
  2. MARC view: Morning time /
Normal view MARC view ISBD view

Morning time / (Record no. 103283)

[ view plain ]
MARC details
000 -LEADER
fixed length control field 00811nam a2200193 a 4500
005 - DATE AND TIME OF LATEST TRANSACTION
control field 20140412111259.0
008 - FIXED-LENGTH DATA ELEMENTS--GENERAL INFORMATION
fixed length control field 010417s19uu xx 00 eng d
020 ## - INTERNATIONAL STANDARD BOOK NUMBER
International Standard Book Number 0-7496-2716-6
050 ## - LIBRARY OF CONGRESS CALL NUMBER
Classification number TR(GS 529
Item number G662 1997
100 ## - MAIN ENTRY--PERSONAL NAME
Personal name Goodhart, Pippa
245 ## - TITLE STATEMENT
Title Morning time /
Statement of responsibility, etc Pippa Goodhart & Brita Granstrom.
260 ## - PUBLICATION, DISTRIBUTION, ETC. (IMPRINT)
Place of publication, distribution, etc New York :
Name of publisher, distributor, etc Franklin Watts,
Date of publication, distribution, etc 1997.
300 ## - PHYSICAL DESCRIPTION
Extent 1v. (unp.) ; ill.
440 ## - SERIES STATEMENT/ADDED ENTRY--TITLE
Title Early Worms
520 ## - SUMMARY, ETC.
Summary, etc Morning time is an enchanting account of a familiar routine at the start of a child's day. While absorbed in the story, your child will be developing important conceptual skills such as an awareness of the passage of time and an understanding of the order of events from beginning to end.
650 ## - SUBJECT ADDED ENTRY--TOPICAL TERM
Topical term or geographic name as entry element Child's routine
650 ## - SUBJECT ADDED ENTRY--TOPICAL TERM
Topical term or geographic name as entry element Children's stories
Holdings
Withdrawn status Lost status Damaged status Home library Current library Shelving location Date acquired Source of acquisition Cost, normal purchase price Total Checkouts Full call number Barcode Date last seen Price effective from Koha item type
      Elizalde Library Elizalde Library Teachers Reference Section 04/17/2001   449.10   TR(GS 529 G662 1997 E4367 04/12/2014 04/12/2014 Books

Morning time /

APA

Goodhart P., . (1997). Morning time. New York: Franklin Watts.

Chicago

Goodhart Pippa, . 1997. Morning time. New York: Franklin Watts.

Harvard

Goodhart P., . (1997). Morning time. New York: Franklin Watts.

MLA

Goodhart Pippa, . Morning time. New York: Franklin Watts. 1997.

  • Place hold
  • Print
  • Cite
  • Add to your cart (remove)
  • Save record
    BIBTEX Dublin Core MARCXML MARC (non-Unicode/MARC-8) MARC (Unicode/UTF-8) MARC (Unicode/UTF-8, Standard) MODS (XML) RIS
  • More searches
    Search for this title in:
    Other Libraries (WorldCat) Other Databases (Google Scholar) Online Stores (Bookfinder.com) Open Library (openlibrary.org)

Exporting to Dublin Core...

SOUTHVILLE LIBRARY

Southville International School and Colleges Library

1281 Tropical Ave. Cor. Luxembourg St., BF Homes International, Las Pinas City

Tel. No. 8256374 / 252358 Loc. 117/146

Powered by Koha